MARC details
| 000 -CABECERA |
| campo de control de longitud fija |
02537nam a2200337 i 4500 |
| 001 - NÚMERO DE CONTROL |
| campo de control |
000022124 |
| 003 - IDENTIFICADOR DEL NÚMERO DE CONTROL |
| campo de control |
DO-SdBNP |
| 005 - FECHA Y HORA DE LA ÚLTIMA TRANSACCIÓN |
| campo de control |
20260319092831.0 |
| 007 - CAMPO FIJO DE DESCRIPCIÓN FÍSICA--INFORMACIÓN GENERAL |
| campo de control de longitud fija |
ta |
| 008 - DATOS DE LONGITUD FIJA--INFORMACIÓN GENERAL |
| campo de control de longitud fija |
090702s1995 dr 001 0 spa d |
| 040 ## - FUENTE DE LA CATALOGACIÓN |
| Centro catalogador/agencia de origen |
DO-SdBNP |
| Lengua de catalogación |
spa |
| Centro/agencia transcriptor |
BNPHU |
| Normas de descripción |
rda |
| 041 ## - CÓDIGO DE LENGUA |
| Código de lengua del texto/banda sonora o título independiente |
spa |
| 082 #4 - NÚMERO DE LA CLASIFICACIÓN DECIMAL DEWEY |
| Número de clasificación |
338.97293 |
| Número de documento/Ítem |
C755a |
| Número de edición |
22 |
| 110 2# - ENTRADA PRINCIPAL--NOMBRE DE ENTIDAD CORPORATIVA |
| Nombre de entidad corporativa o nombre de jurisdicción como elemento de entrada |
Consejo Nacional de la Empresa Privada (República Dominicana) |
| 9 (RLIN) |
85000 |
| 245 10 - MENCIÓN DE TÍTULO |
| Título |
Agenda empresarial para el desarrollo integrado. |
| 264 ## - PRODUCCIÓN, PUBLICACIÓN, DISTRIBUCIÓN, FABRICACIÓN Y COPYRIGHT |
| Producción, publicación, distribución, fabricación y copyright |
Santo Domingo : |
| Nombre del de productor, editor, distribuidor, fabricante |
CONEP, |
| Fecha de producción, publicación, distribución, fabricación o copyright |
1995. |
| 300 ## - DESCRIPCIÓN FÍSICA |
| Extensión |
434 páginas ; |
| Dimensiones |
23 cm. |
| 336 ## - TIPO DE CONTENIDO |
| Término de tipo de contenido |
rdacontent |
| Código de tipo de contenido |
texto |
| Fuente |
txt |
| 337 ## - TIPO DE MEDIO |
| Nombre/término del tipo de medio |
rdamedia |
| Código del tipo de medio |
sin mediación |
| Fuente |
n |
| 338 ## - TIPO DE SOPORTE |
| Nombre/término del tipo de soporte |
rdacarrier |
| Código del tipo de soporte |
volumen |
| Fuente |
nc |
| 500 ## - NOTA GENERAL |
| Nota general |
Incluye documentos elaborados y aprobados en la Gran Convención Nacional Empresarial, 2ª : noviembre 9-10 1995, Santo Domingo, República Dominicana. |
| 505 0# - NOTA DE CONTENIDO CON FORMATO |
| Nota de contenido con formato |
Charla de apertura -- |
| Título |
Documento agenda nacional para el desarrollo integrado -- |
| Mención de responsabilidad |
Modernización y redimensionamiento del estado y sus instituciones -- |
| Título |
Reforma social -- |
| -- |
Lineamientos de política económica para lograr el desarrollo económico -- |
| -- |
Documento de diagnóstico y sectoriales -- |
| -- |
Reordenamiento de la administración pública -- |
| -- |
La reforma de la seguridad social -- |
| -- |
Educación: base del desarrollo -- |
| -- |
Ecología y medio ambiente -- |
| -- |
Consideraciones sobre la problemática energética dominicana -- |
| -- |
El desarrollo de micro, pequeñas y medianas empresas -- |
| -- |
Estrategia para incrementar y profundizar el desarrollo de las zonas francas industriales -- |
| -- |
La globalización y sus retos para la economía dominicana -- |
| -- |
Propuesta de Política Nacional de Transporte -- |
| -- |
Documentos regionales: |
| -- |
Lineamientos para una agenda regional -- |
| -- |
La provincia de La Vega -- |
| -- |
La Romana -- |
| -- |
Obras prioritarias para el desarrollo de la provincia La Altagracia -- |
| -- |
Necesidades de San Pedro de Macorís -- |
| -- |
Esquema sobre problemática regional sur-- |
| -- |
San Cristóbal -- |
| -- |
Provincias de Azua -- |
| -- |
Provincia de San Juan de la Maguana -- |
| -- |
Provincia de Barahona -- |
| -- |
El valle de Neyba -- |
| -- |
Cuenca de Nizaíto, Paraíso, Barahona -- |
| -- |
Provincia de Pedernales -- |
| -- |
Resoluciones -- |
| -- |
Charla de clausura. |
| 590 ## - NOTA LOCAL (RLIN) |
| Nota local |
Inventariado, 2018/BT |
| 650 14 - PUNTO DE ACCESO ADICIONAL DE MATERIA--TÉRMINO DE MATERIA |
| Término de materia o nombre geográfico como elemento de entrada |
Desarrollo económico |
| Subdivisión geográfica |
República Dominicana |
| 9 (RLIN) |
8596 |
| 650 14 - PUNTO DE ACCESO ADICIONAL DE MATERIA--TÉRMINO DE MATERIA |
| Término de materia o nombre geográfico como elemento de entrada |
Potencial de crecimiento |
| Subdivisión cronológica |
República Dominicana |
| 9 (RLIN) |
10029 |
| 650 14 - PUNTO DE ACCESO ADICIONAL DE MATERIA--TÉRMINO DE MATERIA |
| Término de materia o nombre geográfico como elemento de entrada |
Crecimiento económico |
| 9 (RLIN) |
8530 |
| 650 14 - PUNTO DE ACCESO ADICIONAL DE MATERIA--TÉRMINO DE MATERIA |
| Término de materia o nombre geográfico como elemento de entrada |
Planificación estratégica |
| 9 (RLIN) |
2433 |
| 651 14 - PUNTO DE ACCESO ADICIONAL DE MATERIA--NOMBRE GEOGRÁFICO |
| Nombre geográfico |
República Dominicana |
| Subdivisión general |
Condiciones económicas |
| 9 (RLIN) |
281 |
| 910 ## - DATOS DE OPCIÓN DEL USUARIO (OCLC) |
| Datos de opción del usuario |
Validado. Control de calidad. EMS |
| 942 ## - ELEMENTOS DE PUNTO DE ACCESO ADICIONAL (KOHA) |
| Fuente del sistema de clasificación o colocación |
Dewey Decimal Classification |
| Tipo de ítem Koha |
Libro |